000 00678nam a2200217Ia 4500
003 GCL
008 140319s9999 xx 000 0 ara d
040 _aGCL /
_cGCL
082 0 4 _a189
_bس ن
100 1 _aمحمد عاطف العراقى
245 1 0 _aنظرية السعادة عند فلاسفة الاسلام /
_cمحمد عاطف العراقى
700 1 _aسعيد مراد
260 _a[S.N] :
_bمكتبة الانجلوالمصرية ،
_c1992
300 _a262 ص
490 _a
650 0 4 _aالفلسفة الاسلامية
650 0 4 _aالفلسفة
650 0 4 _aالفلاسفة المسلمون
650 0 4 _aالسعادة
942 _2ddc
_cBK
999 _c31310
_d31310